Loading...
| Fine Arts - Classical Music | 6 | 10.00 | 83% | 17% | 0% |
| Fine Arts - Other | 5 | 14.00 | 100% | 20% | 20% |
| Fine Arts - Painting and Sculpture | 4 | 5.00 | 50% | 0% | 0% |
| Geography | 2 | 10.00 | 100% | 0% | 0% |
| History - American | 2 | 15.00 | 100% | 50% | 0% |
| History - European | 5 | 18.00 | 100% | 60% | 20% |
| History - Other | 3 | 16.67 | 100% | 67% | 0% |
| History - World | 6 | 13.33 | 83% | 33% | 17% |
| Literature - American | 7 | 21.43 | 100% | 71% | 43% |
| Literature - British | 5 | 14.00 | 100% | 20% | 20% |
| Literature - European | 3 | 16.67 | 100% | 33% | 33% |
| Literature - World | 3 | 6.67 | 67% | 0% | 0% |
| Mythology | 4 | 12.50 | 75% | 50% | 0% |
| Other Academic | 1 | 10.00 | 100% | 0% | 0% |
| Philosophy | 5 | 14.00 | 100% | 40% | 0% |
| Pop Culture | 2 | 25.00 | 100% | 100% | 50% |
| Religion | 5 | 10.00 | 80% | 0% | 20% |
| Science - Biology | 5 | 10.00 | 80% | 20% | 0% |
| Science - Chemistry | 6 | 10.00 | 100% | 0% | 0% |
| Science - Other | 1 | 10.00 | 100% | 0% | 0% |
| Science - Physics | 5 | 16.00 | 80% | 60% | 20% |
| Social Science | 6 | 13.33 | 83% | 33% | 17% |